书目信息 |
| 题名: |
世界神秘藏宝图
|
|
| 作者: | 小豪 编著 | |
| 分册: | ||
| 出版信息: | 北京 新世界出版社 2005 |
|
| 页数: | 286页 | |
| 开本: | 23cm | |
| 丛书名: | ||
| 单 册: | ||
| 中图分类: | K917 | |
| 科图分类: | ||
| 主题词: | 名胜古迹--介绍--世界 | |
| 电子资源: | ||
| ISBN: | 7-80187-886-8 | |
| 000 | 00730nam0 2200217 450 | |
| 001 | 012005094363 | |
| 005 | 20061106163448.37 | |
| 010 | @a7-80187-886-8@dCNY36.00 | |
| 100 | @a20051029d2005 em y0chiy0110 ea | |
| 101 | 0 | @achi |
| 102 | @aCN@b110000 | |
| 105 | @aabf z 000yy | |
| 200 | 1 | @a世界神秘藏宝图@9shi jie shen mi cang bao tu@f小豪编著 |
| 210 | @a北京@c新世界出版社@d2005 | |
| 215 | @a286页@c图,地图,折图@d23cm | |
| 330 | @a本书介绍了大陆、海上、神话、古籍中那一份份被失落的神秘宝藏,首次揭示了各宝藏之手绘秘图。此外,还首次设立黄金珠宝指数、心动指数、综合指数。 | |
| 606 | 0 | @a名胜古迹@x介绍@y世界 |
| 690 | @aK917@v4 | |
| 701 | 0 | @a小豪@9xiao hao@4编著 |
| 801 | 0 | @aCN@bRENTIAN@c20061106 |
| 905 | @a10447@dK917@e130 | |
| 世界神秘藏宝图/小豪编著.-北京:新世界出版社,2005 |
| 286页:图,地图,折图;23cm |
| ISBN 7-80187-886-8:CNY36.00 |
| 本书介绍了大陆、海上、神话、古籍中那一份份被失落的神秘宝藏,首次揭示了各宝藏之手绘秘图。此外,还首次设立黄金珠宝指数、心动指数、综合指数。 |
| ● |
| 相关链接 |
|
|
|
|
正题名:世界神秘藏宝图
索取号:K917/130
 
预约/预借
| 序号 | 登录号 | 条形码 | 馆藏地/架位号 | 状态 | 备注 |
| 1 | 0381876 | 203818761 | 第二样本阅览室/ [索取号:K917/130] | 在馆 | |
| 2 | 0381877 | 203818770 | 第二借阅区/ [索取号:K917/130] | 在馆 | |
| 3 | 0381878 | 203818789 | 第二借阅区/ [索取号:K917/130] | 在馆 | |
| 4 | 0381879 | 203818798 | 第二借阅区/ [索取号:K917/130] | 在馆 | |
| 5 | 0381880 | 203818805 | 第二借阅区/ [索取号:K917/130] | 在馆 |